00385nam a2200121Ia 4500100002000000942000700020245006800027260003000095300000800125546001200133999001700145952010100162 aDr.Jose George  cBK aRethinking radicalism in Indian society-Bhagat singh and beyond bHimalaya Publishersc2003 a208 aENGLISH c29125d29125 001040708CRCaCRCEbCRCEd2023-03-17g895.00l0o p19495r2023-03-17v895.00w0000-00-00yBK